01107nam a22001577a 450000500170000002000220001708200170003910000510005624501100010726000360021730000100025352006040026370000510086794200120091899900190093020251018120508.0 a978-0-367-68481-5 a668.4192 KRA aKrantzberg,Gail , Jetoo,Savitri (et al)93076 aPlastic Pollution: Nature Based Solutions and Effective Governance/cby Gail krantzberg and Savitri Jetoo a.-Boca Ratonb:CRC Pressc,2023 a226p. aThe first section of the book focuses on plastic pollution – it’s origin, relationship to climate change, linear/circular economy, followed by sustainable plastics, scientific solutions, and how policies can address plastic pollution. This includes looking at better designs, more sustainable feedstocks, and partnerships between various stakeholders worldwide including USA, China, Canada, South Korea, Thailand. This book will interest those who are associated with the production industry, packaging industry, and waste management industry as well as, academicians, students and policymakers. aKrantzberg,Gail , Jetoo,Savitri (et al)93076 2ddccBK c752263d752263